Страна солнца: роман; перевод с голландского

Библиографические подробности
Главный автор: Гог-Каульбах А. ван Анна ван
Примечания:Шмуцтит: Зарубежный роман XX века
Исключено из фонда НТБ ТПУ
Язык:русский
Опубликовано: Москва, Гослитиздат, 1961
Формат: Книга
Запись в KOHA:https://koha.lib.tpu.ru/cgi-bin/koha/opac-detail.pl?biblionumber=73856

MARC

LEADER 00000nam0a2200000 4500
001 73856
005 20231031084809.0
035 |a (RuTPU)RU\TPU\book\78789 
090 |a 73856 
100 |a 20050224d1961 m y0rusy50 ca 
101 1 |a rus  |c dut 
102 |a RU 
105 |a a z 001ay 
200 1 |a Страна солнца  |e роман  |e перевод с голландского  |f А. ван Гог-Каульбах 
210 |a Москва  |c Гослитиздат  |d 1961 
215 |a 352 с.  |c ил. 
300 |a Шмуцтит: Зарубежный роман XX века 
333 |a Исключено из фонда НТБ ТПУ 
700 1 |a Гог-Каульбах  |b А. ван  |g Анна ван 
801 1 |a RU  |b 63413507  |c 20050224  |g PSBO 
801 2 |a RU  |b 63413507  |c 20110208  |g PSBO 
942 |c BK